00620 2200229 4500001002100000005001700021008004100038020001800079035002400097082001200121090002400133100001900157245004900176250001000225260003100235300002400266440002500290500002600315650001600341850001200357999002100369YOGYA-0411000000069720110408085724.0 ind  a979-672-278-X 0010-041100000000697 a661.133 a661.133bSut MlDEP aEDY SUTANTO, N aMembuat gula kelapa kristalcN. Edy Soetanto aCet.1 aYogyakartabKanisiusc1998 a36 hlmbilusc19 cm aTeknologi tepat guna aBibliografi : hlm. 36 aGula kelapa aYOPDYOG a1998-193 CB-D.11